[Event "Tournoi Accession REUNION 2019"]
[Site "Le TAMPON- BRAS PANON- SAINT D"]
[Date "2019.06.08"]
[Round "1.1"]
[White "Eboue, Yuri"]
[Black "Neu, Jeannot"]
[Result "0-1"]
[WhiteElo "1273"]
[BlackElo "1741"]
[PlyCount "118"]
[EventDate "2019.??.??"]

1. e4 c6 2. d4 d5 3. exd5 cxd5 4. Bd3 Nc6 5. c3 Nf6 6. Bf4 Qb6 7. Qc2 Bd7 8.
Nd2 Rc8 9. Qb3 Qxb3 10. Nxb3 h6 11. h3 g5 12. Bg3 Ne4 13. Bxe4 dxe4 14. Nc5 f5
15. f4 exf3 16. Nxf3 f4 17. Bf2 b6 18. Nxd7 Kxd7 19. g3 fxg3 20. Bxg3 Bg7 21.
O-O-O Na5 22. Be5 Bxe5 23. Nxe5+ Ke6 24. Rde1 Kf6 25. Rhf1+ Kg7 26. Rf7+ Kg8
27. Ref1 Re8 28. h4 Rh7 29. Rxh7 Kxh7 30. Rf7+ Kg8 31. hxg5 hxg5 32. Rf5 Kg7
33. Rxg5+ Kf6 34. Rg6+ Kf5 35. Rg7 Ke4 36. Kc2 Rf8 37. Nd3 e6 38. Rg5 Nc4 39.
Rg3 Ne3+ 40. Kb3 Kxd3 41. Rg7 a6 42. Rb7 b5 43. Rb6 Ra8 44. Rxe6 a5 45. a4 Rb8
46. axb5 Rxb5+ 47. Ka4 Rxb2 48. Kxa5 Nc4+ 49. Ka6 Kxc3 50. d5 Ra2+ 51. Kb7 Na5+
52. Kb6 Nc4+ 53. Kc7 Ra7+ 54. Kc6 Ra6+ 55. Kd7 Nb6+ 56. Kd8 Ra8+ 57. Kc7 Nxd5+
58. Kd6 Kd4 59. Rg6 Ra6+ 0-1

[Event "Tournoi Accession REUNION 2019"]
[Site "Le TAMPON- BRAS PANON- SAINT D"]
[Date "2019.06.08"]
[Round "1.2"]
[White "Desire, Michael"]
[Black "Ova, Roberto"]
[Result "1-0"]
[WhiteElo "1687"]
[BlackElo "1260"]
[PlyCount "47"]
[EventDate "2019.??.??"]

1. e4 c5 2. b4 e6 3. bxc5 Bxc5 4. d4 Bb4+ 5. c3 Ba5 6. Bd3 d5 7. e5 Nc6 8. Nf3
f6 9. Qe2 f5 10. O-O Bb6 11. Na3 a6 12. Nc2 Nge7 13. Ng5 g6 14. Nh3 Qc7 15. Rb1
Bd7 16. Ba3 O-O-O 17. Bd6 Nxd4 18. Nxd4 Qxc3 19. Rfc1 Qxc1+ 20. Rxc1+ Nc6 21.
Nxc6 Bxc6 22. Bxa6 Kd7 23. Bxb7 Ke8 24. Rxc6 1-0

[Event "Tournoi Accession REUNION 2019"]
[Site "Le TAMPON- BRAS PANON- SAINT D"]
[Date "2019.06.08"]
[Round "1.3"]
[White "Eboue, Ihona"]
[Black "Dace, Jean Emeric"]
[Result "0-1"]
[WhiteElo "1259"]
[BlackElo "1650"]
[PlyCount "84"]
[EventDate "2019.??.??"]

1. d4 d5 2. Bf4 e6 3. e3 Bd6 4. Bg3 Nf6 5. Nf3 Ne4 6. Nbd2 Nxg3 7. hxg3 c5 8.
c3 Nc6 9. Rc1 Bd7 10. Bd3 h6 11. Bb1 e5 12. dxe5 Nxe5 13. Nxe5 Bxe5 14. Nf3 Bf6
15. Qxd5 Qc7 16. O-O Be6 17. Qe4 g5 18. Nd2 O-O-O 19. Rfd1 Kb8 20. Nb3 h5 21.
Bc2 g4 22. Rxd8+ Rxd8 23. Qf4 Be5 24. Qg5 h4 25. Nxc5 hxg3 26. Nxe6 gxf2+ 27.
Kf1 fxe6 28. Qxg4 Qb6 29. Qg5 Qb5+ 30. Kxf2 Rd2+ 31. Kf3 Qe2+ 32. Ke4 Qc4+ 33.
Kf3 Qe2+ 34. Ke4 Bh2 35. Qg8+ Kc7 36. Qh7+ Kb6 37. Qxh2 Qg4+ 38. Qf4 Qxg2+ 39.
Ke5 Qd5+ 40. Kf6 Qd8+ 41. Ke5 Qd6+ 42. Kf6 e5+ 0-1

[Event "Tournoi Accession REUNION 2019"]
[Site "Le TAMPON- BRAS PANON- SAINT D"]
[Date "2019.06.08"]
[Round "1.5"]
[White "Landry, Paul"]
[Black "Frelicot, Eric"]
[Result "0-1"]
[WhiteElo "1199"]
[BlackElo "1625"]
[PlyCount "68"]
[EventDate "2019.??.??"]

1. d4 Nf6 2. f4 d5 3. Nf3 e6 4. e3 c5 5. c3 c4 6. b3 b5 7. Nbd2 Be7 8. Be2 Ng4
9. e4 Ne3 10. Bb2 Nxd1 11. Rxd1 O-O 12. O-O Nd7 13. Ne5 Nxe5 14. fxe5 f6 15.
exd5 exd5 16. bxc4 bxc4 17. Bf3 fxe5 18. dxe5 Rxf3 19. Nxf3 Qb6+ 20. Rf2 Bg4
21. Rdf1 Bxf3 22. gxf3 Bh4 23. Bc1 Rf8 24. Kg2 Qg6+ 25. Kh1 Bxf2 26. Rxf2 Rb8
27. Rg2 Qd3 28. h4 Qxf3 29. e6 Rb1 30. e7 Qh3+ 31. Kg1 Rxc1+ 32. Kf2 Rc2+ 33.
Ke1 Qh1+ 34. Rg1 Qxg1# 0-1

[Event "Tournoi Accession REUNION 2019"]
[Site "Le TAMPON- BRAS PANON- SAINT D"]
[Date "2019.06.08"]
[Round "1.6"]
[White "Le Maguet, Loan"]
[Black "Razafindrakoto, Sergio"]
[Result "1-0"]
[WhiteElo "1563"]
[BlackElo "1199"]
[PlyCount "27"]
[EventDate "2019.??.??"]

1. e4 e5 2. Nf3 Nf6 3. Nxe5 d6 4. Nf3 Nxe4 5. d4 d5 6. Bd3 Bd6 7. O-O O-O 8.
Nbd2 Nf6 9. Ne5 Nbd7 10. f4 Ne4 11. Nxe4 dxe4 12. Bxe4 f5 13. Bd5+ Kh8 14. Ng6+
1-0

[Event "Tournoi Accession REUNION 2019"]
[Site "Le TAMPON- BRAS PANON- SAINT D"]
[Date "2019.06.08"]
[Round "1.7"]
[White "Guillot, Tristan"]
[Black "Play, Gilles"]
[Result "0-1"]
[WhiteElo "1154"]
[BlackElo "1563"]
[PlyCount "40"]
[EventDate "2019.??.??"]

1. e4 e5 2. Nf3 Nc6 3. Bb5 a6 4. Bxc6 dxc6 5. c3 Bd6 6. d3 h6 7. Be3 c5 8. Nbd2
Nf6 9. h3 O-O 10. O-O Be6 11. d4 cxd4 12. cxd4 exd4 13. Nxd4 Re8 14. Nxe6 Rxe6
15. Qf3 Qe7 16. Rfe1 Re8 17. Rad1 b5 18. a3 Nxe4 19. Nxe4 Rxe4 20. Bd2 Rxe1+
0-1

[Event "Tournoi Accession REUNION 2019"]
[Site "Le TAMPON- BRAS PANON- SAINT D"]
[Date "2019.06.08"]
[Round "1.8"]
[White "Larmet, Nino"]
[Black "Leonardy, Batiste"]
[Result "1-0"]
[WhiteElo "1553"]
[BlackElo "1147"]
[PlyCount "33"]
[EventDate "2019.??.??"]

1. d4 Nf6 2. Bf4 d5 3. e3 Bf5 4. c4 e6 5. Nc3 c5 6. cxd5 Nxd5 7. Bxb8 Qxb8 8.
Bb5+ Ke7 9. Nxd5+ exd5 10. dxc5 Qc7 11. b4 Qe5 12. Ne2 a6 13. Ba4 Qe4 14. O-O
Qxb4 15. Qxd5 Kf6 16. Ng3 Qxc5 17. Qxb7 1-0

[Event "Tournoi Accession REUNION 2019"]
[Site "Le TAMPON- BRAS PANON- SAINT D"]
[Date "2019.06.08"]
[Round "1.9"]
[White "Alleman, Robin"]
[Black "Padre, Maxime"]
[Result "0-1"]
[WhiteElo "1127"]
[BlackElo "1499"]
[PlyCount "93"]
[EventDate "2019.??.??"]

1. e4 d5 2. exd5 Nf6 3. d4 Nxd5 4. c4 Nb6 5. c5 Nd5 6. Bc4 c6 7. Nf3 g6 8. O-O
Bg7 9. Nbd2 O-O 10. b3 Re8 11. Bb2 Nd7 12. Re1 N7f6 13. Qc2 Bf5 14. Bd3 Nb4 15.
Qc3 Nxd3 16. Re3 Nd5 17. Qc2 Nxe3 18. fxe3 Nxb2 19. Qxb2 Bh6 20. e4 Be3+ 21.
Kf1 Bg4 22. Qc3 Bxd2 23. Qxd2 Bxf3 24. gxf3 e5 25. d5 cxd5 26. Qxd5 Qxd5 27.
exd5 Rad8 28. Rd1 e4 29. d6 exf3 30. Kf2 Rd7 31. Kxf3 Re5 32. b4 a5 33. a3 Kf8
34. Rd3 f5 35. Kf4 Re4+ 36. Kf3 axb4 37. axb4 Rxb4 38. Rd5 Kf7 39. Ke3 Kf6 40.
Kf3 g5 41. h3 Re4 42. Rd2 Re5 43. Rc2 Ke6 44. c6 bxc6 45. Rxc6 Rd5 46. Rc8
R7xd6 47. Rc7 0-1

[Event "Tournoi Accession REUNION 2019"]
[Site "Le TAMPON- BRAS PANON- SAINT D"]
[Date "2019.06.08"]
[Round "1.10"]
[White "Lagarde, Caroline"]
[Black "Guillot, Yoann"]
[Result "0-1"]
[WhiteElo "1494"]
[BlackElo "1120"]
[PlyCount "104"]
[EventDate "2019.??.??"]

1. e4 Nf6 2. Nc3 d5 3. e5 d4 4. Nb5 a6 5. Na3 Nd5 6. Nf3 c5 7. Bc4 Bg4 8. h3
Bh5 9. g4 Bg6 10. d3 h6 11. Bd2 e6 12. c3 Nc6 13. Qe2 Be7 14. Bxd5 Qxd5 15. c4
Qd7 16. Nc2 b5 17. cxb5 axb5 18. Na3 Rb8 19. b3 O-O 20. Nc2 Qd5 21. Na3 Rfc8
22. O-O Rc7 23. Bc1 Nb4 24. Ne1 f5 25. exf6 Bxf6 26. Bf4 e5 27. Bg3 Re7 28. f3
Rbe8 29. h4 e4 30. fxe4 Bxe4 31. dxe4 Rxe4 32. Qf3 d3 33. Nxd3 Bxa1 34. Nf4
Bd4+ 35. Kh2 Qf7 36. Nxb5 Qd7 37. Nxd4 cxd4 38. Kh3 d3 39. Rd1 d2 40. Qc3 Rd8
41. h5 Qd4 42. Qxd4 Rdxd4 43. Bf2 Rxf4 44. Bxd4 Rxd4 45. Kg3 Nxa2 46. Kf3 Nc3
47. Ke3 Nxd1+ 48. Kxd4 Nf2 49. b4 d1=Q+ 50. Kc4 Qd3+ 51. Kc5 Ne4+ 52. Kc6 Qa6+
0-1

[Event "Tournoi Accession REUNION 2019"]
[Site "Le TAMPON- BRAS PANON- SAINT D"]
[Date "2019.06.08"]
[Round "1.11"]
[White "Bosi-Lagarde, Arthur"]
[Black "Grondin, Marine"]
[Result "0-1"]
[WhiteElo "1118"]
[BlackElo "1412"]
[PlyCount "82"]
[EventDate "2019.??.??"]

1. e4 e6 2. Nf3 d5 3. Nc3 dxe4 4. Nxe4 Nd7 5. d4 Ngf6 6. Bg5 Be7 7. Nxf6+ Nxf6
8. Bd3 h6 9. Bh4 Nd5 10. Bxe7 Qxe7 11. c4 Nf4 12. O-O O-O 13. Be4 Qb4 14. Qc2
f5 15. a3 Qb6 16. Bd3 Nxd3 17. Qxd3 Qd6 18. Ne5 c5 19. Rad1 cxd4 20. Qxd4 Qxd4
21. Rxd4 b6 22. Re1 Bb7 23. Nd3 Rad8 24. Rxd8 Rxd8 25. Nf4 e5 26. Ng6 Rd2 27.
Nxe5 Rxb2 28. h3 Ra2 29. Re3 Ra1+ 30. Kh2 Ra2 31. Nd3 Rxa3 32. Re8+ Kh7 33. Ne5
Ra2 34. Re7 Be4 35. f3 Bc2 36. Nc6 Bb3 37. Nd4 Bxc4 38. Nxf5 Kg6 39. Nd6 Bf1
40. Re6+ Kh7 41. Kg1 Bxg2 0-1

[Event "Tournoi Accession REUNION 2019"]
[Site "Le TAMPON- BRAS PANON- SAINT D"]
[Date "2019.06.08"]
[Round "1.12"]
[White "Fondrat, Thierry"]
[Black "Lenoury, Djalil"]
[Result "1-0"]
[WhiteElo "1407"]
[BlackElo "1099"]
[PlyCount "73"]
[EventDate "2019.??.??"]

1. d4 d5 2. c4 Nf6 3. Nc3 Ne4 4. e3 Bf5 5. Bd3 e6 6. a3 Bd6 7. cxd5 Qf6 8. Nxe4
Bxe4 9. Bxe4 e5 10. Nf3 exd4 11. Nxd4 Qh6 12. Nf5 Qf6 13. Qa4+ Nd7 14. Nxd6+
Qxd6 15. Qb5 O-O 16. Bd2 Rfe8 17. Bf3 a6 18. Qxb7 Rab8 19. Qc6 Qxc6 20. dxc6
Ne5 21. Bc3 Nd3+ 22. Ke2 Red8 23. Rab1 Nc5 24. b4 Na4 25. Be5 Re8 26. Bxc7 Rbc8
27. Bf4 Nc3+ 28. Kd2 Nxb1+ 29. Rxb1 Red8+ 30. Ke2 Ra8 31. c7 Rdc8 32. Bb7 h6
33. Bxc8 Rxc8 34. Rd1 Rxc7 35. Bxc7 h5 36. Rd7 f6 37. Bd6 1-0

[Event "Tournoi Accession REUNION 2019"]
[Site "Le TAMPON- BRAS PANON- SAINT D"]
[Date "2019.06.08"]
[Round "1.13"]
[White "Grasperge, Evelyne"]
[Black "Fondrat, Johan"]
[Result "0-1"]
[WhiteElo "1037"]
[BlackElo "1404"]
[PlyCount "78"]
[EventDate "2019.??.??"]

1. c4 e5 2. Nc3 c6 3. e4 Nf6 4. d3 d5 5. cxd5 cxd5 6. Bg5 dxe4 7. Bxf6 Qxf6 8.
dxe4 Bc5 9. Nf3 O-O 10. Qc2 Nc6 11. O-O-O Bg4 12. h3 Bxf3 13. gxf3 Qxf3 14. Bc4
Qxf2 15. Qxf2 Bxf2 16. h4 Rad8 17. Bd5 Bd4 18. a3 Rd7 19. Kb1 Ne7 20. Bc4 Rfd8
21. Rd3 Bxc3 22. Rxc3 Rd1+ 23. Rxd1 Rxd1+ 24. Ka2 Rh1 25. Rf3 Rxh4 26. Bxf7+
Kf8 27. Bg6+ Rf4 28. Rxf4+ exf4 29. Bh5 g6 30. Bf3 Kf7 31. Kb3 Nc6 32. Kc3 h5
33. b4 h4 34. b5 Ne5 35. Bg2 f3 36. Bh3 g5 37. Kd4 g4 38. Bf1 g3 39. Kxe5 g2
0-1

[Event "Tournoi Accession REUNION 2019"]
[Site "Le TAMPON- BRAS PANON- SAINT D"]
[Date "2019.06.08"]
[Round "1.14"]
[White "Parame, Bruno"]
[Black "Cavillot-Delestage, Raphael"]
[Result "0-1"]
[WhiteElo "1399"]
[BlackElo "1035"]
[PlyCount "70"]
[EventDate "2019.??.??"]

1. d4 d5 2. Nf3 Nc6 3. e3 Bg4 4. Be2 Nf6 5. Nc3 e6 6. O-O Bd6 7. h3 Bh5 8. Re1
O-O 9. b3 Re8 10. Rb1 Bxf3 11. Bxf3 Qe7 12. e4 dxe4 13. Nxe4 Nxe4 14. Bxe4 Rad8
15. Bxc6 bxc6 16. Bb2 c5 17. Qg4 f5 18. Qf3 cxd4 19. Bxd4 Bb4 20. c3 c5 21. Be5
Ba5 22. Rbd1 Rxd1 23. Rxd1 Rd8 24. Rc1 Qg5 25. Rd1 Rxd1+ 26. Qxd1 f4 27. Qf3
Qxe5 28. Qa8+ Kf7 29. Qxa7+ Bc7 30. f3 Kf6 31. Kh2 Bd8 32. c4 Kg6 33. a4 Bh4
34. Qa5 Bg3+ 35. Kh1 Qa1+ 0-1

[Event "Tournoi Accession REUNION 2019"]
[Site "Le TAMPON- BRAS PANON- SAINT D"]
[Date "2019.06.08"]
[Round "1.15"]
[White "Mohamed, Keziah"]
[Black "Laoussing, Mathis"]
[Result "0-1"]
[WhiteElo "1034"]
[BlackElo "1392"]
[PlyCount "40"]
[EventDate "2019.??.??"]

1. e4 d5 2. exd5 Nf6 3. d4 Nxd5 4. c4 Nb6 5. Nf3 c5 6. Nc3 cxd4 7. Nxd4 e5 8.
Nf3 Qxd1+ 9. Nxd1 Bb4+ 10. Nd2 Nc6 11. a3 Bxd2+ 12. Bxd2 Bf5 13. Be2 Nd4 14.
Rc1 Rd8 15. Rc3 Na4 16. Rg3 Nc2+ 17. Kf1 Rxd2 18. Ne3 Nxe3+ 19. fxe3 Rxb2 20.
Kf2 Nc3 0-1

[Event "Tournoi Accession REUNION 2019"]
[Site "Le TAMPON- BRAS PANON- SAINT D"]
[Date "2019.06.08"]
[Round "1.16"]
[White "Payet, Thomas"]
[Black "Ycard, Faustine"]
[Result "1-0"]
[WhiteElo "1372"]
[BlackElo "1010"]
[PlyCount "133"]
[EventDate "2019.??.??"]

1. Nf3 d5 2. d4 Nf6 3. Bf4 Nc6 4. e3 Bg4 5. c4 e6 6. h3 Bh5 7. c5 g6 8. g4 Bxg4
9. hxg4 Nxg4 10. Nfd2 Nf6 11. Nc3 Bg7 12. Nb5 O-O 13. Nxc7 Rc8 14. Nb5 Qa5 15.
Nd6 Rb8 16. Qb3 b6 17. Qb5 Qxb5 18. Nxb5 Rbc8 19. Nd6 Rcd8 20. b4 bxc5 21. bxc5
Nb4 22. Kd1 Ng4 23. Bg3 Nc6 24. Be2 e5 25. Bxg4 exd4 26. exd4 Bxd4 27. Nb7 Ra8
28. Rb1 Ne5 29. Bxe5 Bxe5 30. Nf3 Bc7 31. Re1 Bb8 32. Ne5 Re8 33. Nd7 Rc8 34.
Nf6+ Kg7 35. Bxc8 Kxf6 36. Nd8 Bc7 37. Nc6 Rxc8 38. Nxa7 Ra8 39. Rb7 Bb8 40.
Re8 Rxa7 41. Rexb8 Rxa2 42. Rb2 Ra1+ 43. Kd2 Rf1 44. Kc3 Rc1+ 45. Kb4 Rc4+ 46.
Kb5 Rc3 47. c6 Ke6 48. Rd8 Ke5 49. Kb6 d4 50. c7 d3 51. c8=Q Rxc8 52. Rxc8 Ke4
53. Rd2 f5 54. Rh8 h5 55. Rg8 h4 56. Rxg6 h3 57. Rh6 f4 58. Rxh3 f3 59. Kb5 Kd4
60. Rxf3 Kc3 61. Rdxd3+ Kc2 62. Ra3 Kb2 63. Kb4 Kc2 64. Rae3 Kb2 65. Re2+ Kc1
66. Rd3 Kb1 67. Rd1# 1-0

[Event "Tournoi Accession REUNION 2019"]
[Site "Le TAMPON- BRAS PANON- SAINT D"]
[Date "2019.06.08"]
[Round "1.17"]
[White "Erudel, Irina"]
[Black "Eric Andriana, Fitia"]
[Result "0-1"]
[WhiteElo "1009"]
[BlackElo "1339"]
[PlyCount "42"]
[EventDate "2019.??.??"]

1. d4 d5 2. Nf3 Nf6 3. e3 e6 4. Bd3 Bd7 5. O-O c5 6. c3 Nc6 7. Ng5 Bd6 8. Re1
h6 9. Nf3 O-O 10. Bd2 e5 11. b4 cxb4 12. cxb4 e4 13. Bc2 exf3 14. Qxf3 Bg4 15.
Bh7+ Kxh7 16. Qf5+ Bxf5 17. Nc3 Ne4 18. Nxe4 Bxe4 19. Rac1 Qh4 20. h3 Qg5 21.
Rc3 Qxg2# 0-1

[Event "Tournoi Accession REUNION 2019"]
[Site "Le TAMPON- BRAS PANON- SAINT D"]
[Date "2019.06.08"]
[Round "1.18"]
[White "Gallais, Flavien"]
[Black "Erudel, Maeva"]
[Result "0-1"]
[WhiteElo "1275"]
[BlackElo "1009"]
[PlyCount "40"]
[EventDate "2019.??.??"]

1. e4 e6 2. d4 d5 3. exd5 exd5 4. Nf3 Bd6 5. Bd3 Nf6 6. O-O O-O 7. Bg5 Re8 8.
Nc3 h6 9. Bxf6 Qxf6 10. Nxd5 Qd8 11. c4 c6 12. Ne3 Nd7 13. Qc2 Nf6 14. d5 cxd5
15. Nxd5 Kf8 16. Nxf6 Qxf6 17. c5 Bc7 18. Bb5 Re7 19. Nd2 Qe5 20. Nc4 Qxh2# 0-1

[Event "Tournoi Accession REUNION 2019"]
[Site "Le TAMPON- BRAS PANON- SAINT D"]
[Date "2019.06.08"]
[Round "2.1"]
[White "Neu, Jeannot"]
[Black "Grondin, Marine"]
[Result "0-1"]
[WhiteElo "1741"]
[BlackElo "1412"]
[PlyCount "117"]
[EventDate "2019.??.??"]

1. e4 e6 2. d4 d5 3. e5 c5 4. c3 Nc6 5. Nf3 Qb6 6. a3 cxd4 7. cxd4 Nge7 8. Nc3
Nf5 9. Bb5 Bd7 10. Bxc6 Bxc6 11. g4 Ne7 12. b4 a6 13. O-O Bb5 14. Re1 Bc4 15.
Na4 Qc7 16. Bb2 Nc6 17. Nc5 b6 18. Nd3 Be7 19. Rc1 b5 20. Nc5 Bxc5 21. dxc5 O-O
22. Ng5 Qe7 23. f4 h6 24. Nf3 Rad8 25. h4 Rd7 26. Bd4 Nxd4 27. Qxd4 f6 28. Kg2
f5 29. g5 h5 30. Rg1 g6 31. Nd2 Rfd8 32. Rc3 Ra8 33. Rgc1 a5 34. Kf3 axb4 35.
axb4 Ra4 36. Rb1 Qd8 37. c6 Rc7 38. Nxc4 bxc4 39. b5 Qa8 40. b6 Rxc6 41. b7 Qb8
42. Rb6 Ra6 43. Rb4 Ra7 44. Rb6 Rxb6 45. Qxb6 Kf7 46. Ke3 Rxb7 47. Qc5 Rb3 48.
Kd2 Rxc3 49. Kxc3 Qb3+ 50. Kd2 Qb2+ 51. Ke3 Qc3+ 52. Ke2 Qd3+ 53. Ke1 Qe4+ 54.
Kd1 Qf3+ 55. Kc2 Qe2+ 56. Kc3 Qd3+ 57. Kb4 Qb3+ 58. Ka5 c3 59. Qc8 0-1

[Event "Tournoi Accession REUNION 2019"]
[Site "Le TAMPON- BRAS PANON- SAINT D"]
[Date "2019.06.08"]
[Round "2.2"]
[White "Fondrat, Johan"]
[Black "Desire, Michael"]
[Result "1-0"]
[WhiteElo "1404"]
[BlackElo "1687"]
[PlyCount "114"]
[EventDate "2019.??.??"]

1. e4 c6 2. d4 d5 3. exd5 cxd5 4. Bd3 Nf6 5. Nf3 Nc6 6. c3 e6 7. O-O Bd6 8. Re1
Qe7 9. Nbd2 Bd7 10. a4 Ng4 11. h3 h5 12. b4 Qf6 13. Nb3 Bf4 14. Bxf4 Qxf4 15.
hxg4 hxg4 16. Qd2 Qf6 17. Nh2 Qh4 18. Qf4 O-O-O 19. Qg3 Qh5 20. f3 f5 21. Nc5
g5 22. fxg4 fxg4 23. Nxg4 Rdf8 24. Qh3 Qe8 25. Qg3 Qh5 26. Nh2 Rh6 27. Qh3 Qxh3
28. gxh3 Rxh3 29. Kg2 Rfh8 30. Nf3 g4 31. Ng5 R3h5 32. Ngxe6 Rh2+ 33. Kg3 R8h3+
34. Kxg4 Rh4+ 35. Kg5 Rh5+ 36. Kf6 Rf2+ 37. Kg7 Rh3 38. Rf1 Rg2+ 39. Bg6 Be8
40. Rf6 Rhg3 41. Nf4 Rf2 42. Re1 Bxg6 43. Rxg6 Rxg6+ 44. Nxg6 b6 45. Re8+ Kc7
46. Na6+ Kd7 47. Re3 Nd8 48. Re7+ Kd6 49. Nb8 Ne6+ 50. Kg8 Nf8 51. Rg7 Nxg6 52.
Rxg6+ Kc7 53. Na6+ Kb7 54. b5 Rf3 55. Rc6 Rf1 56. c4 Rf4 57. cxd5 Rxd4 1-0

[Event "Tournoi Accession REUNION 2019"]
[Site "Le TAMPON- BRAS PANON- SAINT D"]
[Date "2019.06.08"]
[Round "2.3"]
[White "Dace, Jean Emeric"]
[Black "Fondrat, Thierry"]
[Result "1-0"]
[WhiteElo "1650"]
[BlackElo "1407"]
[PlyCount "127"]
[EventDate "2019.??.??"]

1. e4 e5 2. Nf3 Nc6 3. Nc3 Nf6 4. Bb5 Bc5 5. O-O d6 6. h3 O-O 7. d3 h6 8. Ne2
a6 9. Ba4 b5 10. Bb3 Na5 11. c3 Nxb3 12. axb3 Nh7 13. b4 Bb6 14. d4 exd4 15.
Nexd4 Bb7 16. Re1 Re8 17. Nd2 Nf6 18. Qc2 c5 19. bxc5 dxc5 20. Nf5 c4 21. e5
Qd5 22. Nf3 Nh7 23. Bf4 Qe6 24. Nd6 Bxf3 25. Nxe8 Rxe8 26. gxf3 Qxh3 27. Qe4
Qh4 28. Be3 Qxe4 29. fxe4 Bxe3 30. Rxe3 Re6 31. f4 Nf8 32. Rd1 Kh7 33. Rd8 Kg8
34. Rd6 g6 35. Re1 a5 36. Red1 Kg7 37. Kf2 g5 38. Rg1 f6 39. Rxe6 Nxe6 40. f5
Nc5 41. exf6+ Kxf6 42. Ke3 h5 43. Kd4 Nd3 44. Rh1 h4 45. Rh2 Ne5 46. Kc5 Nf3
47. Rh1 g4 48. Kd6 h3 49. Kd5 h2 50. e5+ Nxe5 51. Rxh2 Kxf5 52. Rh5+ Kf4 53.
Rxe5 g3 54. Re8 g2 55. Rg8 Kf3 56. Kc5 Kf2 57. Kxb5 g1=Q 58. Rxg1 Kxg1 59. Kxc4
Kf2 60. Kd5 Ke3 61. c4 Kd3 62. c5 Kc2 63. c6 Kxb2 64. c7 1-0

[Event "Tournoi Accession REUNION 2019"]
[Site "Le TAMPON- BRAS PANON- SAINT D"]
[Date "2019.06.08"]
[Round "2.4"]
[White "Laoussing, Mathis"]
[Black "Pun Chung, Leo"]
[Result "0-1"]
[WhiteElo "1392"]
[BlackElo "1629"]
[PlyCount "52"]
[EventDate "2019.??.??"]

1. e4 c5 2. c3 Nf6 3. e5 Nd5 4. d4 cxd4 5. cxd4 Nc6 6. Nf3 d6 7. Qb3 Nb6 8. Bb5
a6 9. Bxc6+ bxc6 10. Ng5 e6 11. Qf3 Qc7 12. Nxf7 Qxf7 13. Qxc6+ Bd7 14. Qxb6
dxe5 15. dxe5 Bb5 16. Nc3 Bb4 17. Bd2 Bxc3 18. Bxc3 O-O 19. Rd1 Qg6 20. Rg1 Qc2
21. Qe3 Rad8 22. Rc1 Qa4 23. a3 Rd3 24. Qe2 Rxc3 25. Qd2 Qe4+ 26. Kd1 Ba4+ 0-1

[Event "Tournoi Accession REUNION 2019"]
[Site "Le TAMPON- BRAS PANON- SAINT D"]
[Date "2019.06.08"]
[Round "2.5"]
[White "Frelicot, Eric"]
[Black "Payet, Thomas"]
[Result "1-0"]
[WhiteElo "1625"]
[BlackElo "1372"]
[PlyCount "39"]
[EventDate "2019.??.??"]

1. c4 c5 2. Nc3 Nc6 3. Nf3 e5 4. d3 h6 5. g3 Nf6 6. Bg2 d6 7. O-O Be7 8. a3 O-O
9. Rb1 a5 10. Nd2 Qc7 11. Nde4 b6 12. Nxf6+ Bxf6 13. Nd5 Qb7 14. Nxf6+ gxf6 15.
Bxh6 Rd8 16. e3 Qd7 17. f4 Ra7 18. f5 Kh7 19. Qh5 Rg8 20. Bf8# 1-0

[Event "Tournoi Accession REUNION 2019"]
[Site "Le TAMPON- BRAS PANON- SAINT D"]
[Date "2019.06.08"]
[Round "2.6"]
[White "Eric Andriana, Fitia"]
[Black "Le Maguet, Loan"]
[Result "1/2-1/2"]
[WhiteElo "1339"]
[BlackElo "1563"]
[PlyCount "70"]
[EventDate "2019.??.??"]

1. e4 c5 2. Nc3 Nc6 3. g3 e6 4. Bg2 Nge7 5. Nge2 g6 6. O-O Bg7 7. d3 O-O 8. Bd2
d5 9. exd5 exd5 10. Qc1 Bg4 11. h3 Be6 12. Nf4 Nd4 13. Re1 Qd6 14. Nce2 Rac8
15. c3 Ndc6 16. h4 b5 17. Nxe6 fxe6 18. Bh3 Nf5 19. Nf4 Rfe8 20. Re2 b4 21. Ng2
bxc3 22. bxc3 Kh8 23. Rb1 Rb8 24. Rxb8 Rxb8 25. Qe1 e5 26. f4 Rb2 27. g4 Nfe7
28. Bc1 Rxe2 29. Qxe2 exf4 30. Bxf4 Qf6 31. Bg5 Qe5 32. Qxe5 Bxe5 33. c4 dxc4
34. dxc4 Nc8 35. Be3 Nd4 1/2-1/2

[Event "Tournoi Accession REUNION 2019"]
[Site "Le TAMPON- BRAS PANON- SAINT D"]
[Date "2019.06.08"]
[Round "2.7"]
[White "Play, Gilles"]
[Black "Guillot, Yoann"]
[Result "1-0"]
[WhiteElo "1563"]
[BlackElo "1120"]
[PlyCount "49"]
[EventDate "2019.??.??"]

1. e4 d5 2. exd5 Qxd5 3. Nc3 Qa5 4. d4 c6 5. Nf3 Bf5 6. Be2 Nf6 7. O-O e6 8.
Nh4 h6 9. Nxf5 Qxf5 10. Bd3 Qa5 11. Bd2 Qc7 12. Qf3 Nbd7 13. a4 a5 14. Bf4 Bd6
15. Bg3 Bxg3 16. fxg3 Nb6 17. Ne4 Nxe4 18. Qxe4 O-O-O 19. c3 Nd5 20. Rae1 Nf6
21. Qf3 h5 22. h3 c5 23. Bb5 Rhf8 24. Re5 h4 25. Rxc5 1-0

[Event "Tournoi Accession REUNION 2019"]
[Site "Le TAMPON- BRAS PANON- SAINT D"]
[Date "2019.06.08"]
[Round "2.8"]
[White "Cavillot-Delestage, Raphael"]
[Black "Larmet, Nino"]
[Result "0-1"]
[WhiteElo "1035"]
[BlackElo "1553"]
[PlyCount "114"]
[EventDate "2019.??.??"]

1. e4 d6 2. Bc4 Nf6 3. Nc3 g6 4. Nf3 Bg7 5. e5 Ng4 6. exd6 cxd6 7. h3 Nf6 8.
Ng5 O-O 9. O-O Nc6 10. a3 h6 11. Nf3 d5 12. Ba2 e5 13. d3 Re8 14. Re1 b6 15.
Re2 Ba6 16. b4 e4 17. b5 exf3 18. Rxe8+ Qxe8 19. Qxf3 Nd4 20. Qd1 Nxb5 21. Nxd5
Nxd5 22. Bxd5 Bxa1 23. Bxa8 Qxa8 24. Bxh6 Bg7 25. Bxg7 Kxg7 26. c4 Nd4 27. Qa1
Qd8 28. Kf1 Qf6 29. a4 Nc2 30. Qxf6+ Kxf6 31. Ke2 Nd4+ 32. Ke3 Ne6 33. f4 Nc5
34. g4 Nxa4 35. Ke4 Nc5+ 36. Kd4 Bb7 37. Kc3 Bg2 38. d4 Ne4+ 39. Kd3 Nf2+ 40.
Ke2 Nxh3 41. g5+ Kf5 42. d5 Nxf4+ 43. Kd2 Nxd5 44. cxd5 Bxd5 45. Ke3 Kxg5 46.
Kd4 Be6 47. Ke3 a5 48. Kd3 a4 49. Kc2 f5 50. Kb2 f4 51. Ka3 f3 52. Kxa4 f2 53.
Kb5 f1=Q+ 54. Kxb6 Qc4 55. Kb7 Bd5+ 56. Kb6 Qc6+ 57. Ka7 Qb7# 0-1

[Event "Tournoi Accession REUNION 2019"]
[Site "Le TAMPON- BRAS PANON- SAINT D"]
[Date "2019.06.08"]
[Round "2.9"]
[White "Padre, Maxime"]
[Black "Jeanne, Evane"]
[Result "1-0"]
[WhiteElo "1499"]
[BlackElo "1009"]
[PlyCount "33"]
[EventDate "2019.??.??"]

1. b3 Nc6 2. Bb2 e5 3. e3 Bc5 4. Bb5 a6 5. Bxc6 bxc6 6. Bxe5 d6 (6... Nf6) 7.
Bxg7 Nf6 8. Bxh8 Bg4 9. Ne2 Ne4 10. O-O d5 11. f3 Bf5 12. fxe4 Bxe4 13. Ng3 Qg5
14. Bf6 Qh5 15. Qxh5 Bxc2 16. Bg5 Bd6 17. Qxf7# 1-0

[Event "Tournoi Accession REUNION 2019"]
[Site "Le TAMPON- BRAS PANON- SAINT D"]
[Date "2019.06.08"]
[Round "2.10"]
[White "Erudel, Maeva"]
[Black "Lagarde, Caroline"]
[Result "0-1"]
[WhiteElo "1009"]
[BlackElo "1494"]
[PlyCount "72"]
[EventDate "2019.??.??"]

1. d4 d6 2. e4 Nf6 3. Nc3 g6 4. Bg5 c6 5. d5 cxd5 6. exd5 Bg7 7. g3 Qb6 8. Rb1
Ng4 9. Qd2 Bxc3 10. Qxc3 Qxf2+ 11. Kd1 Qxf1+ 12. Kd2 Qg2+ 13. Ke1 O-O 14. Qf3
Qxc2 15. Rc1 Qxb2 16. h3 Ne5 17. Qf4 Nd3+ 18. Kd1 Nxf4 19. Bxf4 Qd4+ 20. Ke1
Qe4+ 21. Kf1 Qxh1 22. Rc7 Bxh3+ 23. Ke2 Qxg1 24. Rxe7 Qf1+ 25. Kd2 Qf2+ 26. Re2
Qd4+ 27. Kc1 Rc8+ 28. Rc2 Rxc2+ 29. Kxc2 Bf5+ 30. Kb3 Qxd5+ 31. Kc3 Nd7 32. a3
Rc8+ 33. Kb4 Qc5+ 34. Kb3 Qb5+ 35. Ka2 Rc2+ 36. Ka1 Qb2# 0-1

[Event "Tournoi Accession REUNION 2019"]
[Site "Le TAMPON- BRAS PANON- SAINT D"]
[Date "2019.06.08"]
[Round "2.11"]
[White "Guillot, Tristan"]
[Black "Parame, Bruno"]
[Result "1-0"]
[WhiteElo "1154"]
[BlackElo "1399"]
[PlyCount "81"]
[EventDate "2019.??.??"]

1. e4 e5 2. Nf3 Nc6 3. Bb5 Nd4 4. Nxd4 exd4 5. c3 a6 6. Be2 Bc5 7. d3 b5 8. b4
Bb6 9. Bb2 Nf6 10. cxd4 Bb7 11. Nd2 d5 12. e5 Nd7 13. Nf3 a5 14. Bc3 axb4 15.
Bxb4 Ba5 16. Qd2 Bxb4 17. Qxb4 Bc6 18. Rc1 Ra4 19. Qb3 Qa8 20. Rc2 b4 21. O-O
O-O 22. Bd1 Rb8 23. Re1 Rxa2 24. Qxa2 b3 25. Qxa8 Bxa8 26. Rb2 h6 27. Rxb3 Re8
28. Rc3 c6 29. Ba4 Rc8 30. Nh4 Nb6 31. Bb3 g5 32. Nf5 Kh7 33. Nd6 Rf8 34. e6 f6
35. e7 Rh8 36. e8=Q Rxe8 37. Rxe8 Kg6 38. Rb8 Nd7 39. Rxa8 f5 40. Rxc6 Nf6 41.
Ne8 1-0